| 000 | 00510nam a22001817a 4500 | ||
|---|---|---|---|
| 003 | CEME | ||
| 005 | 20210628203918.0 | ||
| 008 | 210305b xxu||||| |||| 00| 0 eng d | ||
| 020 | _a0-89006-622-1 | ||
| 040 | _c. | ||
| 082 | _a621.3823 SAI'T | ||
| 100 |
_aSaito, Hiroshi _967828 |
||
| 245 | _aTeletraffic technologies in atm networks | ||
| 260 |
_aLONDON _bARTECH HOUSE _c1994 |
||
| 300 | _a174P | ||
| 650 |
_aTELEMATICS ASYNCHRONOUS TRANSFER MODE ATM-ASYNCHRONOUS TRANSFER MODE _967829 |
||
| 942 |
_cBK _2ddc |
||
| 999 |
_c575524 _d575524 |
||